000
00280nam a22001337a 4500
003
SGT
082
_a
370
_b
P10Y
100
_a
YADAV, ANIL
245
_a
PERSPECTIVE OF EDUCATION
260
_a
NEW DELHI
_b
J.B.T. PUB
_c
2010
300
_a
224
650
_a
EDUCATION
942
_2
ddc
_c
BK
999
_c
12112
_d
12112